Technical communications: A reader centered approach (Record no. 168777)

MARC details
000 -LEADER
fixed length control field 00451nam a2200157Ia 4500
008 - FIXED-LENGTH DATA ELEMENTS--GENERAL INFORMATION
fixed length control field 231217s9999 xx 000 0 und d
041 ## - LANGUAGE CODE
Language code of text/sound track or separate title English
082 ## - DEWEY DECIMAL CLASSIFICATION NUMBER
Classification number 029.95 AND;1 `R'
100 ## - MAIN ENTRY--PERSONAL NAME
Personal name Anderson, Paul V
245 #0 - TITLE STATEMENT
Title Technical communications: A reader centered approach
250 ## - EDITION STATEMENT
Edition statement 4th ed.
260 ## - PUBLICATION, DISTRIBUTION, ETC.
Date of publication, distribution, etc. 1999
Name of publisher, distributor, etc. Harcourt Brace College
300 ## - PHYSICAL DESCRIPTION
Extent xxiv+643
650 ## - SUBJECT ADDED ENTRY--TOPICAL TERM
Topical term or geographic name entry element Technical,communications:,reader,centered,approach
942 ## - ADDED ENTRY ELEMENTS (KOHA)
Koha item type Books
Holdings
Date last seen Total checkouts Full call number Accession number Cost, total (INR) price Price effective from Category Lost status Damaged status Department Withdrawn status Home library Current library Entry date Vendor Cost, normal purchase price Grants Billnumber Billdate Currency symbol Conversion rate Discount Old discount
26/01/2024   029.95 AND;1 `R' 20863 703.12 26/01/2024 Books     Central Library   Central Library Central Library 07/08/2002 Allied publ. 16.00 MBA 3425 13/12/2004 USD 51.7 2.4 15

© For any Suggestions or Query, please contact the library staff @ librarian@pes.edu or Phone: +9180 2672 1983/ 2108.